Twenty years of Islamic revolution : (Record no. 8843)
[ view plain ]
| 000 -LEADER | |
|---|---|
| fixed length control field | 01988nac a22003611i 4500 |
| 003 - CONTROL NUMBER IDENTIFIER | |
| control field | EG-ScBUE |
| 005 - DATE AND TIME OF LATEST TRANSACTION | |
| control field | 20240421114112.0 |
| 008 - FIXED-LENGTH DATA ELEMENTS--GENERAL INFORMATION | |
| fixed length control field | 240421s2002 nyu f b 001 0 eng d |
| 020 ## - INTERNATIONAL STANDARD BOOK NUMBER | |
| International Standard Book Number | 0815629753 |
| 020 ## - INTERNATIONAL STANDARD BOOK NUMBER | |
| International Standard Book Number | 9780815629757 |
| 035 ## - SYSTEM CONTROL NUMBER | |
| System control number | (DLC) 2002003146 |
| 035 ## - SYSTEM CONTROL NUMBER | |
| System control number | (DLC)3422 |
| 040 ## - CATALOGING SOURCE | |
| Original cataloging agency | EG-ScBUE |
| Language of cataloging | eng |
| Description conventions | rda |
| Transcribing agency | EG-ScBUE |
| Modifying agency | EG-ScBUE |
| 082 04 - DEWEY DECIMAL CLASSIFICATION NUMBER | |
| Classification number | 955.0542 |
| Item number | TWE |
| Edition number | 22 |
| 245 00 - TITLE STATEMENT | |
| Title | Twenty years of Islamic revolution : |
| Remainder of title | political and social transition in Iran since 1979 / |
| Statement of responsibility, etc | edited by Eric Hooglund. |
| 246 30 - VARYING FORM OF TITLE | |
| Title proper/short title | Islamic revolution |
| 250 ## - EDITION STATEMENT | |
| Edition statement | First edition. |
| 264 #1 - PUBLICATION, DISTRIBUTION, ETC. (IMPRINT) | |
| Place of publication, distribution, etc | Syracuse, N.Y. : |
| Name of publisher, distributor, etc | Syracuse University Press, |
| Date of publication, distribution, etc | 2002. |
| 300 ## - PHYSICAL DESCRIPTION | |
| Extent | xviii, 193 pages ; |
| Dimensions | 23 cm |
| 336 ## - CONTENT TYPE | |
| Source | rdacontent |
| Content type term | text |
| Content type code | txt |
| 337 ## - MEDIA TYPE | |
| Media type term | unmediated |
| Source | rdamedia |
| Media type code | n |
| 338 ## - CARRIER TYPE | |
| Carrier type term | volume |
| Carrier type code | nc |
| Source | rdacarrier |
| 500 ## - GENERAL NOTE | |
| General note | Based on papers presented at a series of seminars held in 1999 at St. Anthony's College, Oxford University. |
| 504 ## - BIBLIOGRAPHY, ETC. NOTE | |
| Bibliography, etc | Includes bibliographical references and index. |
| 505 0# - FORMATTED CONTENTS NOTE | |
| Formatted contents note | Postrevolutionary Iran and the new social movements / Farhad Khosrokhavar -- The state and factional politics in the Islamic Republic of Iran / Mehdi Moslem -- Sport and civil society in Iran / Marcus Gerhardt -- Women and the making of civil society in Post-Islamist Iran / Azadeh Kian-Thibaut -- Religious modernists and the "woman question" / Ziba Mir-Hosseini -- Rural society and revolution in Iran / Mostafa Azkia -- Evolution of the decision-making process in Iranian foreign policy, 1979-1999 / Jalil Roshandel -- European Union and French views of the Islamic Republic / Eric Rouleau --Iran and the Persian Gulf / Eric Hooglund. |
| 650 #7 - SUBJECT ADDED ENTRY--TOPICAL TERM | |
| Topical term or geographic name as entry element | Islam and politics |
| Geographic subdivision | Iran |
| Form subdivision | Congresses. |
| Source of heading or term | BUEsh |
| 650 #7 - SUBJECT ADDED ENTRY--TOPICAL TERM | |
| Topical term or geographic name as entry element | Civil society |
| Geographic subdivision | Iran |
| Form subdivision | Congresses. |
| Source of heading or term | BUEsh |
| 651 #7 - SUBJECT ADDED ENTRY--GEOGRAPHIC NAME | |
| Geographic name | Iran |
| General subdivision | Politics and government |
| Chronological subdivision | 1979-1997 |
| Source of heading or term | BUEsh |
| 651 #7 - SUBJECT ADDED ENTRY--GEOGRAPHIC NAME | |
| Geographic name | Iran |
| General subdivision | Politics and government |
| Chronological subdivision | 1997- |
| Source of heading or term | BUEsh |
| 655 ## - INDEX TERM--GENRE/FORM | |
| Form subdivision | Reading book |
| 700 1# - ADDED ENTRY--PERSONAL NAME | |
| Personal name | Hooglund, Eric J. |
| Fuller form of name | (Eric James), |
| Dates associated with a name | 1944- |
| Relator term | editor. |
| 942 ## - ADDED ENTRY ELEMENTS (KOHA) | |
| Koha item type | Book - Borrowing |
| Source of classification or shelving scheme | Dewey Decimal Classification |
| Withdrawn status | Lost status | Source of classification or shelving scheme | Damaged status | Not for loan | Collection code | Home library | Current library | Shelving location | Date acquired | Source of acquisition | Total Checkouts | Total Renewals | Full call number | Barcode | Date last seen | Date checked out | Price effective from | Koha item type |
|---|---|---|---|---|---|---|---|---|---|---|---|---|---|---|---|---|---|---|
| Dewey Decimal Classification | Alahram | Central Library | Central Library | Second Floor | 26/03/2008 | Purchase | 18 | 60 | 955.0542 TWE | 000010428 | 15/07/2025 | 26/09/2021 | 26/03/2008 | Book - Borrowing |